| 000 | 00668nam a2200241 a 4500 | ||
|---|---|---|---|
| 005 | 20210219152924.0 | ||
| 008 | 991125n 000 0 eng u | ||
| 035 | _aUPN01000067250 | ||
| 100 | _aRyoo, Jai-Kyung | ||
| 222 | _aECONOMICS OF EDUCATION REVIEW | ||
| 245 | _aChanging rates or return to education over time : a korean case study | ||
| 300 | _a71-80 | ||
| 362 | _a1993 12, No. 1 | ||
| 505 | _aOctubre 1993 | ||
| 653 | 0 | _aECONOMIA EDUCATIVA | |
| 653 | 0 | _aESTUDIOS DE CASO | |
| 653 | 0 | _aINDUSTRIALIZACION | |
| 653 | 0 | _aPAISES DESARROLLADOS | |
| 700 | _aNam, Young-Sook | ||
| 700 | 1 | _aCarnoy, Martin | |
| 904 |
_aAC _b005061 |
||
| 905 | _aArticulo | ||
| 999 |
_c63881 _d63881 |
||